000 00378nam a2200133Ia 4500
008 231129s2007||||xx |||||||||||||| ||spa||
020 _a978-958-710-279-6
082 _aGOR- 258
100 _aDurán Renata
245 0 _aSignos y espejismos
260 _c2007
264 _aBogotá: Universidad Externado de Colombia 2007
942 _2ddc
_cBKS
999 _c24606
_d24606